000
00316nam a2200121Ia 4500
008
190902s9999||||xx |||||||||||||| ||und||
020
_a
0-673-15925-6
100
_a
Quester MC Guiggan
245
0
_a
Basic Marketing A Managerial Perspective
260
_a
London
_b
The McGraw-Hill
_c
2003
300
_a
743
942
_c
BK
999
_c
2794
_d
2794